Putting it crudely (Record no. 76090)

MARC details
000 -LEADER
fixed length control field 00806cab a2200181 4500
001 - CONTROL NUMBER
control field ##L131457
008 - FIXED-LENGTH DATA ELEMENTS--GENERAL INFORMATION
fixed length control field 051104n2005 000 0 eng u
035 ## - SYSTEM CONTROL NUMBER
System control number (Sirsi) u131457
041 0# - LANGUAGE CODE
Language code of text/sound track or separate title eng
100 1# - MAIN ENTRY--PERSONAL NAME
Personal name Fiske, James
245 00 - TITLE STATEMENT
Title Putting it crudely
260 ## - PUBLICATION, DISTRIBUTION, ETC.
Date of publication, distribution, etc. 2005
490 #0 - SERIES STATEMENT
Series statement QS Week!v(25) 12 October 2005, 14-15(2)
520 ## - SUMMARY, ETC.
Summary, etc. Compares cost inflation of plastic, rubber and bitumen products with that of petroleum products, and considers how this has impacted on the construction industry. Concludes that the increased cost of petroleum products has so far had only a limited impact, with the cost of bitumen products being most affected. Tables. Graphs.
590 ## - LOCAL NOTE (RLIN)
Local note IKA081105
690 ## - LOCAL SUBJECT ADDED ENTRY--TOPICAL TERM (OCLC, RLIN)
Topical term or geographic name as entry element BUILT ENVIRONMENT-BUILDING MATERIALS-PLASTICS, RUBBER, CHEMICAL AND SYNTHETICS
942 ## - ADDED ENTRY ELEMENTS (KOHA)
Suppress in OPAC 0
Holdings
Withdrawn status Lost status Source of classification or shelving scheme Damaged status Not for loan Home library Current library Shelving location Date acquired Total Checkouts Full call number Barcode Date last seen Copy number Price effective from Koha item type
    Dewey Decimal Classification     London London Journal article 04/11/2005   L131457 131457-1001 06/08/2019 1 06/08/2019 Journal article